Auditing / Theory and Practice: Second Edition (Record no. 3650)
[ view plain ]
| 000 -LEADER | |
|---|---|
| fixed length control field | 01131cam a22002054a 4500 |
| 005 - ΗΜΕΡΟΜΗΝΙΑ ΚΑΙ ΩΡΑ ΤΕΛΕΥΤΑΙΑΣ ΕΝΗΜΕΡΩΣΗΣ | |
| Πεδίο ελέγχου | 20250605164121.0 |
| 008 - FIXED-LENGTH DATA ELEMENTS--GENERAL INFORMATION | |
| Πεδίο ελέγχου σταθερού μήκους | 250528s ||||||||||||||||||||||||d |
| 035 ## - SYSTEM CONTROL NUMBER | |
| System control number | 18284 |
| 020 ## - ISBN | |
| ISBN | 132408961 |
| 040 ## - ΠΗΓΗ ΚΑΤΑΛΟΓΟΓΡΑΦΗΣΗΣ | |
| Φορέας πρωτότυπης καταλογογράφησης | MC Athens Campus Library |
| Γλώσσα καταλογογράφησης | Ελληνικά, Μοντέρνα (1453-) |
| Modifying agency | MC Athens Campus Library |
| Κανόνες περιγραφικής καταλογογράφησης | AACR2 |
| 245 1# - ΤΙΤΛΟΣ ΚΑΙ ΔΗΛΩΣΗ ΥΠΕΥΘΥΝΟΤΗΤΑΣ | |
| Τίτλος | Auditing / Theory and Practice: Second Edition |
| 250 ## - EDITION STATEMENT | |
| Edition statement | 2nd |
| 260 ## - PUBLICATION, DISTRIBUTION, ETC. | |
| Name of publisher, distributor, etc. | Prentice Hall, |
| Date of publication, distribution, etc. | 1996 |
| 300 ## - PHYSICAL DESCRIPTION | |
| Extent | 314 |
| 520 ## - SUMMARY, ETC. | |
| Summary, etc. | This book provides a balanced and pertinent framework for the study of auditing. Preface, Abbreviations, The Regulatory Framework of Auditing, Why Have an Audit?, Auditor Independence, The Auditor's Duties, International Comparisons, Audit Reporting, The Audit Report, Qualified Audit Reports, The Collection of Evidence, The Conduct of an Audit, Audit Evidence and Testing, Internal Control, Computer Audit, Audit Sampling, The Sales Cycle, The Purchases Cycle, Audit of the Balance Sheet, Other Roles for Audit, Internal Audit, Management Auditing, Environmental Audit, Appendix: Proposed Structure of Statements of Auditing Standards, Index. |
| 700 1# - ΠΡΟΣΘΕΤΗ ΑΝΑΓΡΑΦΗ--ΦΥΣΙΚΟ ΠΡΟΣΩΠΟ | |
| Personal name | Dunn John |
| 9 (RLIN) | 4559 |
| 942 ## - ADDED ENTRY ELEMENTS (KOHA) | |
| Koha item type | Books |
| Τύπος τεκμηρίου | Βιβλιοθήκη | Τρέχουσα τοποθεσία | Barcode | Αριθμός εισαγωγής | Ημερομηνία απόκτησης | Ταξιθετικό σύμβολο | Αριθμός αντιτύπου | Κατάσταση απόσυρσης | Κατάσταση χαμένου | Κατάσταση κατεστραμμένου | Μη δανεισμός | Σύνολο δανεισμών | Ημερομηνία τελευταίας εμφάνισης | Η τιμή ισχύει από |
|---|---|---|---|---|---|---|---|---|---|---|---|---|---|---|
| Books | MC Athens Campus Library | MC Athens Campus Library | 9780000036490 | 2868 | 05/06/2025 | 657/.45 DUN | 2 | 05/06/2025 | 05/06/2025 |